000 02498nam0a2200433 i 4500
001 RU\NLR\BIBL_A\011448385
005 20260405202101.0
010 _a9785875559040
_d78 экз.
021 _aRU
_b2017-50667
_93638
035 _a(RuMoRGB)008933476
035 _a(NLR Aleph) 011448385
090 _a11740132
_c11740132
100 _a20170803d2017 km y0rusy50 ca
101 0 _arus
102 _aRU
105 _ay|||z|||100zy
200 1 _aПроблема изгнания: русский и американский контексты
_eсборник материалов международной научно-практической конференции
_f[сост. и отв. ред. М. Ю. Егоров]
210 _aЯрославль
_cРИО ЯГПУ
_d2017
215 _a235 с.
_cтабл.
_d21
300 _aВ надзаг.: Министерство образования и науки РФ, ФГБОУ ВО "Ярославский государственный педагогический университет им. К. Д. Ушинского"
320 _aБиблиогр. в конце ст.
606 _aРусская литература
_jСъезды, совещания и т.п.
_xза рубежом
_z20 в.
_9924713
_3RU\NLR\AUTH\6620795
606 _aРусская литература
_jСъезды, совещания и т.п.
_xза рубежом
_xТематика
_z20 в.
_92057624
_3RU\NLR\AUTH\661233772
610 0 _aизгнание - литературная тема
610 0 _aрусская литературная эмиграция
610 0 _aрусское зарубежье
686 _aШ5(2=Р)-307эмигранты.я431(0)
_2rubbk
686 _aШ5(7США)62-4Набоков В.В.54я431(0)
_2rubbk
686 _aШ5(2=Р)-34изгнание.я431(0)
_2rubbk
686 1 _aШ5(2=Р)6я431
686 1 _aШ5(2=Р)6-34я431
702 1 _4220
_4340
_8rus
_7ca
_aЕгоров
_bМ. Ю.
_cканд. филол. наук
_gМихаил Юрьевич
_3RU\NLR\AUTH\7789585
_972512
711 1 2 _a"Проблема изгнания: русский и американский контексты", международная научно-практическая конференция
_eЯрославль
_f2016
_9565322
_3RU\NLR\AUTH\880450840
942 _cBOOK
980 _aNBR